[Event "SVK-chT2D 1516"]
[Site "Slovakia"]
[Date "2016.02.13"]
[Round "8.3"]
[White "Milder, Ladislav"]
[Black "Kravec, Patrik"]
[Result "1-0"]
[WhiteElo "2046"]
[BlackElo "2034"]
[PlyCount "53"]
[EventDate "2015.10.17"]
[EventType "team-tourn"]
[EventRounds "11"]
[EventCountry "SVK"]
[SourceTitle "EXT 2017"]
[Source "ChessBase"]
[SourceDate "2016.10.25"]
[SourceVersion "1"]
[SourceVersionDate "2016.10.25"]
[SourceQuality "1"]
[WhiteTeam "Kosice Slavia UPJS III"]
[BlackTeam "Sabinov II"]
[WhiteTeamCountry "SVK"]
[BlackTeamCountry "SVK"]

1. e4 c5 2. Nf3 Nc6 3. d4 cxd4 4. Nxd4 g6 5. Nxc6 bxc6 6. Qd4 Nf6 7. e5 Nd5 8. e6 f6 9. exd7+ Qxd7 10. Be2 e5 11. Qd1 Bg7 12. 0-0 0-0 13. c4 Ne7 14. Nc3 Nf5 15. Qa4 Nd4 16. Bd1 f5 17. f4 e4 18. Be3 Rb8 19. Rf2 Qe7 20. Rd2 Qc5 21. Kh1 Rb4 22. Qa3 Rd8 23. Ne2 Qxc4 24. Bb3 Nxb3 25. Rxd8+ Bf8 26. axb3 Qb5 27. Rxc8 1-0

[Event "SVK-chT2D 14/15"]
[Site "Slovakia"]
[Date "2014.10.11"]
[Round "1.1"]
[White "Tropp, Frantisek"]
[Black "Milder, Ladislav"]
[Result "1-0"]
[WhiteElo "2095"]
[BlackElo "2032"]
[PlyCount "115"]
[EventDate "2014.10.11"]
[EventType "team-tourn"]
[EventRounds "11"]
[EventCountry "SVK"]
[SourceTitle "EXT 2019"]
[Source "ChessBase"]
[SourceDate "2018.10.10"]
[SourceVersion "1"]
[SourceVersionDate "2018.10.10"]
[SourceQuality "1"]
[WhiteTeam "Spisska Stara Ves"]
[BlackTeam "Kosice Slavia UPJS III"]
[WhiteTeamCountry "SVK"]
[BlackTeamCountry "SVK"]

1. e4 c5 2. c3 Nc6 3. d4 cxd4 4. cxd4 e6 5. Nf3 Nf6 6. Bd3 Nb4 7. 0-0 Nxd3 8. Qxd3 d5 9. e5 Nd7 10. Bg5 Be7 11. Bxe7 Qxe7 12. Rc1 0-0 13. Nc3 b6 14. a4 Bb7 15. Nb5 Ba6 16. Rc7 Rfc8 17. Rac1 Rxc7 18. Rxc7 Qd8 19. Qc2 Bxb5 20. axb5 Nc5 21. Rc6 Nd7 22. h4 h6 23. Qc3 Nf8 24. Qa3 Ng6 25. g3 Ne7 26. Rc3 Nf5 27. h5 Kh7 28. Rc6 Qd7 29. Qc3 Ne7 30. Rc7 Qe8 31. Kg2 Qd8 32. Rb7 Kg8 33. Qa3 Nc8 34. Qc3 Kf8 35. Nh4 Qe8 36. Qc7 Qe7 37. Qc6 Qe8 38. Rxf7+ Kxf7 39. Qxa8 Qd7 40. Ng6 Qc7 41. b4 Ke8 42. Nf4 Kf7 43. Ng6 Qd7 44. Qb8 Ke8 45. Kh3 Kd8 46. Nf4 Qf7 47. Kg2 Qd7 48. Qa8 Ke7 49. Kf3 Kd8 50. Qc6 Ke7 51. Ng6+ Ke8 52. Qxd7+ Kxd7 53. Kg4 Ke8 54. f4 Kf7 55. f5 Ke8 56. fxe6 Kd8 57. Kf5 Ke8 58. e7 1-0

[Event "SVK-chT2D 1112"]
[Site "Slovakia"]
[Date "2012.02.26"]
[Round "11.3"]
[White "Belis, Rudolf"]
[Black "Milder, Ladislav"]
[Result "1-0"]
[WhiteElo "2099"]
[BlackElo "2061"]
[PlyCount "70"]
[EventDate "2011.10.08"]
[EventType "team-tourn"]
[EventRounds "11"]
[EventCountry "SVK"]
[SourceTitle "EXT 2013"]
[Source "ChessBase"]
[SourceDate "2012.11.22"]
[SourceVersion "1"]
[SourceVersionDate "2012.11.22"]
[SourceQuality "1"]
[WhiteTeam "Presov Tatran Dason"]
[BlackTeam "Kosice Slavia UPJS III"]
[WhiteTeamCountry "SVK"]
[BlackTeamCountry "SVK"]

1. d4 d5 2. Nc3 Nf6 3. Bg5 e6 4. e4 dxe4 5. Nxe4 Be7 6. Bxf6 Bxf6 7. Nf3 Nc6 8. c3 g6 9. Qd2 Bg7 10. Qf4 Qe7 11. Bb5 a6 12. Bxc6+ bxc6 13. Ne5 0-0 14. Nxc6 Qd7 15. Ne5 Qb5 16. Nf6+ Bxf6 17. Qxf6 Qxb2 18. 0-0 Qxc3 19. Rac1 Qxd4 20. Rfd1 Qb2 21. h4 Bb7 22. h5 gxh5 23. Rc4 Qe2 24. Rd3 Be4 25. Rxe4 Qxe4 26. Rg3+ Qg6 27. Nxg6 hxg6 28. Rh3 Rfd8 29. Rc3 Rac8 30. Rc6 Rd1+ 31. Kh2 Rd6 32. Qc3 Rcd8 33. Rxc7 Rd5 34. Qf6 Rf8 35. Qc3 Rf5 1-0

[Event "SVK-chT2D 1112"]
[Site "Slovakia"]
[Date "2012.01.29"]
[Round "9.5"]
[White "Milder, Ladislav"]
[Black "Repka, Christopher"]
[Result "1/2-1/2"]
[WhiteElo "2061"]
[BlackElo "2129"]
[PlyCount "83"]
[EventDate "2011.10.08"]
[EventType "team-tourn"]
[EventRounds "11"]
[EventCountry "SVK"]
[SourceTitle "EXT 2013"]
[Source "ChessBase"]
[SourceDate "2012.11.22"]
[SourceVersion "1"]
[SourceVersionDate "2012.11.22"]
[SourceQuality "1"]
[WhiteTeam "Kosice Slavia UPJS III"]
[BlackTeam "Stara Lubovna"]
[WhiteTeamCountry "SVK"]
[BlackTeamCountry "SVK"]

1. e4 Nc6 2. Nf3 e5 3. Nc3 Nf6 4. Bb5 Bc5 5. Nxe5 Nxe5 6. d4 Bd6 7. dxe5 Bxe5 8. Qf3 0-0 9. Bf4 Re8 10. Bxe5 Rxe5 11. 0-0 d6 12. Rfe1 Qe7 13. h3 d5 14. Qe3 Bf5 15. f4 Rxe4 16. Nxe4 Bxe4 17. Bd3 h6 18. c4 Qb4 19. cxd5 Re8 20. Bxe4 Rxe4 21. Qf2 Rxf4 22. Qxa7 Nxd5 23. Rad1 c6 24. a3 Qc4 25. b3 Qc3 26. Qxb7 Qc5+ 27. Kh1 Rf2 28. b4 Qc2 29. Rxd5 cxd5 30. Qxd5 Qc3 31. Qa8+ Kh7 32. Rd1 Qb3 33. Qe4+ g6 34. Qd3 Qb2 35. Qg3 Rf5 36. Qd3 Rf2 37. Rb1 Qa2 38. Rg1 Rd2 39. Qg3 Qc4 40. Qe5 Rd3 41. Ra1 Rxa3 42. Rxa3 1/2-1/2

[Event "SVK-chT2D 10/11"]
[Site "Slovakia"]
[Date "2010.12.04"]
[Round "3.1"]
[White "Milder, Ladislav"]
[Black "Krajnak, Martin"]
[Result "1-0"]
[WhiteElo "2044"]
[BlackElo "2245"]
[PlyCount "130"]
[EventDate "2010.10.23"]
[EventType "team-tourn"]
[EventRounds "11"]
[EventCountry "SVK"]
[SourceTitle "EXT 2019"]
[Source "ChessBase"]
[SourceDate "2018.10.10"]
[SourceVersion "1"]
[SourceVersionDate "2018.10.10"]
[SourceQuality "1"]
[WhiteTeam "Kosice Slavia UPJS IV"]
[BlackTeam "Stara Lubovna"]
[WhiteTeamCountry "SVK"]
[BlackTeamCountry "SVK"]

1. e4 d5 2. exd5 Nf6 3. d4 Bg4 4. f3 Bf5 5. Bd3 Bxd3 6. Qxd3 Nxd5 7. c3 Nc6 8. Ne2 Qd6 9. Na3 Qg6 10. Qxg6 hxg6 11. Nf4 0-0-0 12. Nc4 Nb6 13. Nxb6+ axb6 14. Nd3 e5 15. Nxe5 Re8 16. Kd1 Nxe5 17. dxe5 Rxe5 18. Bf4 Rf5 19. Bg3 Rg5 20. Rf1 Bd6 21. f4 Rf5 22. Ke2 Re8+ 23. Kf3 Bxf4 24. Bxf4 g5 25. Kg4 Rxf4+ 26. Rxf4 gxf4 27. Kf3 Re3+ 28. Kf2 Rd3 29. Ke2 Rd5 30. Rf1 g5 31. h4 Re5+ 32. Kd2 gxh4 33. Rxf4 Rg5 34. Rf2 f5 35. Ke3 Rg4 36. Rd2 c6 37. Kf3 Kc7 38. Re2 Kd6 39. Rd2+ Ke7 40. Re2+ Kf6 41. Re8 Rg3+ 42. Kf2 Rg7 43. Rh8 Kg5 44. Rd8 Kg4 45. Rd4+ f4 46. a4 Rh7 47. Rd3 Kf5 48. Ke2 Ke5 49. Rh3 Ke4 50. Rd3 Ke5 51. Rh3 Rg7 52. Kf2 Rg4 53. Rd3 Rg7 54. Rh3 Rh7 55. Rd3 c5 56. Ke2 Ke6 57. Rh3 c4 58. Kf3 Kf5 59. Rh1 Kg5 60. Rd1 h3 61. Rd5+ Kf6 62. gxh3 Rxh3+ 63. Kxf4 Rh4+ 64. Ke3 Ke7 65. Rb5 Rh6 1-0

[Event "SVK-chT2D 10/11"]
[Site "Slovakia"]
[Date "2010.10.24"]
[Round "2.3"]
[White "Slacky, Stanislav"]
[Black "Milder, Ladislav"]
[Result "0-1"]
[WhiteElo "2168"]
[BlackElo "2044"]
[PlyCount "80"]
[EventDate "2010.10.23"]
[EventType "team-tourn"]
[EventRounds "11"]
[EventCountry "SVK"]
[SourceTitle "EXT 2019"]
[Source "ChessBase"]
[SourceDate "2018.10.10"]
[SourceVersion "1"]
[SourceVersionDate "2018.10.10"]
[SourceQuality "1"]
[WhiteTeam "Margecany OSK"]
[BlackTeam "Kosice Slavia UPJS IV"]
[WhiteTeamCountry "SVK"]
[BlackTeamCountry "SVK"]

1. d4 d5 2. c4 dxc4 3. Nf3 e6 4. g3 Nf6 5. Bg2 Be7 6. 0-0 0-0 7. Ne5 c5 8. dxc5 Qc7 9. c6 Nxc6 10. Nxc6 bxc6 11. Qa4 Bb7 12. Qxc4 Rad8 13. Be3 c5 14. Bf4 Qb6 15. Bxb7 Qxb7 16. Qb3 Qc6 17. Na3 Rd7 18. Nc4 Qe4 19. Rac1 Qxe2 20. Ne5 Rd5 21. Qb7 Bd6 22. Rce1 Qh5 23. Nc6 Qh3 24. Re2 Rh5 25. f3 Bxf4 26. gxf4 Nd5 27. Ne7+ Nxe7 28. Qxe7 g6 29. Qxa7 Rd8 30. a4 Qh4 31. Rg2 Qxf4 32. Qa5 Rdd5 33. Qe1 Qxa4 34. f4 Qd4+ 35. Kh1 Rdf5 36. Qg3 c4 37. Qg4 e5 38. Rfg1 Qxf4 39. Qd1 Qf3 40. Qd8+ Kg7 0-1

[Event "SVK-chT2D 0910"]
[Site "Slovakia"]
[Date "2010.01.09"]
[Round "6.6"]
[White "Kendi, Stefan"]
[Black "Milder, Ladislav"]
[Result "0-1"]
[WhiteElo "1987"]
[BlackElo "2041"]
[PlyCount "83"]
[EventDate "2009.10.10"]
[EventType "team"]
[EventRounds "11"]
[EventCountry "SVK"]
[SourceTitle "EXT 2011"]
[Source "ChessBase"]
[SourceDate "2010.11.26"]
[SourceVersion "1"]
[SourceVersionDate "2010.11.26"]
[SourceQuality "1"]
[WhiteTeam "Velke Kapusany"]
[BlackTeam "Kosice Slavia III"]
[WhiteTeamCountry "SVK"]
[BlackTeamCountry "SVK"]

1. e4 c6 2. d4 d5 3. Nc3 dxe4 4. Nxe4 Nf6 5. Ng3 e5 6. Be3 Ng4 7. Bc4 Nxe3 8. fxe3 exd4 9. exd4 Qe7+ 10. N1e2 Qb4+ 11. Qd2 Qxc4 12. 0-0 Be7 13. b3 Qb5 14. Rae1 0-0 15. Ne4 Be6 16. Nf4 Nd7 17. c4 Qb6 18. Qe3 Nf6 19. Nxe6 fxe6 20. Ng5 Bb4 21. Qxe6+ Kh8 22. c5 Qd8 23. Rd1 Qd5 24. Rf5 Qxe6 25. Nxe6 Rf7 26. Rdf1 Re8 27. Ng5 Rfe7 28. Nf3 Re5 29. Rf4 Kg8 30. a3 Ba5 31. b4 Bc7 32. Rh4 Re3 33. a4 Rb3 34. b5 cxb5 35. axb5 Rxb5 36. Rh3 Rb3 37. Ra1 a5 38. Rc1 a4 39. Rh4 g5 40. Nd2 gxh4 41. Nxb3 axb3 42. Rb1 0-1

[Event "SVK-chT2D 0809"]
[Site "Slovakia"]
[Date "2009.01.31"]
[Round "8.2"]
[White "Fedorko, Martin"]
[Black "Milder, Ladislav"]
[Result "1/2-1/2"]
[WhiteElo "2004"]
[BlackElo "2059"]
[PlyCount "32"]
[EventDate "2008.10.11"]
[EventType "team-tourn"]
[EventRounds "11"]
[EventCountry "SVK"]
[SourceTitle "EXT 2010"]
[Source "ChessBase"]
[SourceDate "2010.11.25"]
[SourceVersion "1"]
[SourceVersionDate "2010.11.25"]
[SourceQuality "1"]
[WhiteTeam "Kosice Akademik"]
[BlackTeam "Kosice Slavia UPJS III"]
[WhiteTeamCountry "SVK"]
[BlackTeamCountry "SVK"]

1. e4 c5 2. Nf3 Nc6 3. d4 cxd4 4. Nxd4 Nf6 5. Nc3 g6 6. f3 Bg7 7. Be3 d6 8. Qd2 0-0 9. Bc4 Bd7 10. 0-0-0 Rc8 11. Bb3 Na5 12. Kb1 Nxb3 13. Nxb3 a5 14. Nd4 Rc4 15. Nce2 a4 16. c3 Qa5 1/2-1/2

[Event "SVK-chT1E 0708"]
[Site "Slovakia"]
[Date "2008.03.23"]
[Round "11.6"]
[White "Magat, Jozef"]
[Black "Milder, Ladislav"]
[Result "1/2-1/2"]
[WhiteElo "2106"]
[BlackElo "2084"]
[PlyCount "44"]
[EventDate "2007.10.13"]
[EventType "team-swiss"]
[EventRounds "11"]
[EventCountry "SVK"]
[SourceTitle "EXT 2009"]
[Source "ChessBase"]
[SourceDate "2008.11.26"]
[SourceVersion "1"]
[SourceVersionDate "2008.11.26"]
[SourceQuality "1"]
[WhiteTeam "Dunajov Inbest"]
[BlackTeam "Kosice Slavia UPJS II"]
[WhiteTeamCountry "SVK"]
[BlackTeamCountry "SVK"]

1. d4 c5 2. d5 e5 3. dxe6 fxe6 4. e4 Nf6 5. e5 Nd5 6. c4 Ne7 7. Nc3 Ng6 8. Bd3 Nxe5 9. Qh5+ Nf7 10. Bxh7 Be7 11. Nf3 Kf8 12. Ne4 d5 13. Neg5 Bxg5 14. Nxg5 Qf6 15. Nxf7 Qxf7 16. Qxf7+ Kxf7 17. Bd3 Nc6 18. f4 Nb4 19. Ke2 Nxd3 20. Kxd3 Bd7 21. h3 Bc6 22. Rg1 b5 1/2-1/2

[Event "SVK-chT1E 0708"]
[Site "Slovakia"]
[Date "2008.03.15"]
[Round "10.5"]
[White "Milder, Ladislav"]
[Black "Marsina, Stefan"]
[Result "1/2-1/2"]
[WhiteElo "2084"]
[BlackElo "1996"]
[PlyCount "28"]
[EventDate "2007.10.13"]
[EventType "team-swiss"]
[EventRounds "11"]
[EventCountry "SVK"]
[SourceTitle "EXT 2009"]
[Source "ChessBase"]
[SourceDate "2008.11.26"]
[SourceVersion "1"]
[SourceVersionDate "2008.11.26"]
[SourceQuality "1"]
[WhiteTeam "Kosice Slavia UPJS II"]
[BlackTeam "Rajecke Teplice"]
[WhiteTeamCountry "SVK"]
[BlackTeamCountry "SVK"]

1. e4 e6 2. d4 d5 3. Nd2 Nf6 4. exd5 exd5 5. Ngf3 Bf5 6. Be2 Nc6 7. 0-0 Be7 8. c3 0-0 9. Nh4 Be6 10. Bd3 Ne4 11. Nhf3 Bf5 12. Qc2 Nxd2 13. Bxd2 Bxd3 14. Qxd3 Bf6 1/2-1/2

[Event "SVK-chT2D 0708"]
[Site "Slovakia"]
[Date "2007.12.02"]
[Round "6.4"]
[White "Dzugas, Vladimir"]
[Black "Milder, Ladislav"]
[Result "0-1"]
[WhiteElo "2033"]
[BlackElo "2084"]
[PlyCount "61"]
[EventDate "2007.10.06"]
[EventType "team-tourn"]
[EventRounds "11"]
[EventCountry "SVK"]
[SourceTitle "EXT 2010"]
[Source "ChessBase"]
[SourceDate "2010.11.25"]
[SourceVersion "1"]
[SourceVersionDate "2010.11.25"]
[SourceQuality "1"]
[WhiteTeam "Kosice Dynamo"]
[BlackTeam "Kosice Slavia UPJS IV"]
[WhiteTeamCountry "SVK"]
[BlackTeamCountry "SVK"]

1. e4 c5 2. Nf3 Nc6 3. d4 cxd4 4. Nxd4 Nf6 5. Nc3 g6 6. Be3 Bg7 7. Be2 Qa5 8. 0-0 0-0 9. Qd2 Nxd4 10. Qxd4 Ng4 11. Qc5 Qxc5 12. Bxc5 d6 13. Ba3 Be6 14. Nd5 Bxd5 15. exd5 Ne5 16. Rae1 Bf6 17. f4 Nd7 18. c3 Nb6 19. Bf3 Nc4 20. Rc1 Rac8 21. Rfe1 Nxa3 22. bxa3 Bxc3 23. Red1 b6 24. a4 Bd2 25. Rc6 Bxf4 26. Re1 Rxc6 27. dxc6 e6 28. Re4 Bd2 29. Kf1 d5 30. Rd4 Be3 31. Rd3 0-1